000 00220nam a22000857a 4500
008 160810b xxu||||| |||| 00| 0 eng d
100 _9105
_aLewis C.S
245 _aThe Last battle
260 _aNew York
_bHarper Publication
_c2005
999 _c2758
_d2758